Statistics for Every Player to have 99 Pace in EA Sports FIFA Ultimate Team History

Click here to take the quiz!

General Stats

  • This quiz has been taken 226 times
  • The average score is 151 of 263

Answer Stats

FIFAPlayerRatingPositionClubNationalityCard Type% Correct
FIFA 23Kylian Mbappé94LWPSGFrenchWC TOTT
97%
FIFA 20Kylian Mbappé98STPSGFrenchTOTY
97%
FIFA 22Kylian Mbappé97STPSGFrenchTOTY
97%
FIFA 22Kylian Mbappé93STPSGFrenchTOTW
97%
FIFA 20Kylian Mbappé92STPSGFrenchTOTW
97%
FIFA 20Kylian Mbappé93STPSGFrenchTOTW
97%
FIFA 20Kylian Mbappé94STPSGFrenchFUT Birthday
97%
FIFA 20Kylian Mbappé98STPSGFrenchTOTS
97%
FIFA 19Kylian Mbappé97RWPSGFrenchTOTY
97%
FIFA 19Kylian Mbappé96STPSGFrenchTOTS
97%
FIFA 19Kylian Mbappé91LWPSGFrenchFUT Birthday
97%
FIFA 18Kylian Mbappé95RMPSGFrenchWCTOTT
97%
FIFA 19Kylian Mbappé91STPSGFrenchTOTW
97%
FIFA 22Kylian Mbappé94STPSGFrenchTOTW
97%
FIFA 22Kylian Mbappé94STPSGFrenchLigue 1 POTM
97%
FIFA 21Kylian Mbappé97STPSGFrenchTOTS
97%
FIFA 21Kylian Mbappé97STPSGFrenchTOTY
97%
FIFA 22Kylian Mbappé96STPSGFrenchHeadliners
97%
FIFA 23Kylian Mbappé97STPSGFrenchTOTY
97%
FIFA 22Kylian Mbappé97STPSGFrenchTOTS
97%
FIFA 18Kylian Mbappé97RMPSGFrenchWC Winner
97%
FIFA 19Cristiano Ronaldo99STJuventusPortugueseTOTS
96%
FIFA 22Cristiano Ronaldo99LWManchester UnitedPortugueseShapeshifters
96%
FIFA 16Cristiano Ronaldo99LWReal MadridPortugueseTOTS
96%
FIFA 16Lionel Messi99RWBarcelonaArgentinianTOTY
96%
FIFA 19Lionel Messi99RWBarcelonaArgentinianTOTS
96%
FIFA 22Gareth Bale98RMReal MadridWelshEnd of an Era
92%
FIFA 22Gareth Bale95STReal MadridWelshUCL RTTF
92%
FIFA 18Gareth Bale95STReal MadridWalesTOTW
92%
FIFA 18Gareth Bale94RWReal MadridWaleseMOTM
92%
FIFA 20Gareth Bale95STReal MadridWelshSeason Reward
92%
FIFA 16Gareth Bale95RWReal MadridWelshTOTW
92%
FIFA 16Gareth Bale94CAMReal MadridWelshiMOTM
92%
FIFA 16Gareth Bale93STReal MadridWelshiMOTM
92%
FIFA 17Mohamed Salah90RMAS RomaEgyptianTOTS
89%
FIFA 21Mohamed Salah96RWLiverpoolEgyptianTOTS
89%
FIFA 22Mohamed Salah99CAMLiverpoolEgyptianFUTTIES
89%
FIFA 18Mohamed Salah93RWLiverpoolEgyptianPOTM
89%
FIFA 18Mohamed Salah93RMLiverpoolEgyptianRecord Breaker
89%
FIFA 18Mohamed Salah98RWLiverpoolEgyptianPOTS
89%
FIFA 20Mohamed Salah97RWLiverpoolEgyptianTOTS
89%
FIFA 18Mohamed Salah98RWLiverpoolEgyptianTOTS
89%
FIFA 18Mohamed Salah94RWLiverpoolEgyptianTOTW
89%
FIFA 18Mohamed Salah93RWLiverpoolEgyptianOTW
89%
FIFA 22Sadio Mané96CAMLiverpoolSenegaleseUCL RTTF
86%
FIFA 17Sadio Mané87RWLiverpoolSenegaleseTOTW
86%
FIFA 17Sadio Mané87RMLiverpoolSenegaleseOTW
86%
FIFA 17Sadio Mané91RWLiverpoolSenegaleseTOTS
86%
FIFA 20Sadio Mané97LWLiverpoolSenegaleseTOTY
86%
FIFA 19Sadio Mané96LWLiverpoolSenegaleseTOTS
86%
FIFA 20Sadio Mané98LWLiverpoolSenegaleseTOTS
86%
FIFA 22Sadio Mané98STBayern MunichSenegalesePlayer Moments
86%
FIFA 22Sadio Mané96LWLiverpoolSenegaleseTOTS
86%
FIFA 19Ousmane Dembélé94LWBarcelonaFrenchTOTS
81%
FIFA 20Ousmane Dembélé91RWBarcelonaFrenchUCL RTTF
81%
FIFA 22Ousmane Dembélé95STBarcelonaFrenchFantasy FUT
81%
FIFA 20Ousmane Dembélé93CAMBarcelonaFrenchSummer Heat
81%
FIFA 22Ousmane Dembélé99RWBarcelonaFrenchFUTTIES
81%
FIFA 17Ousmane Dembélé91RMBourissa DortmundFrenchTOTS
81%
FIFA 21Pierre-Emerick Aubameyang96STArsenalGaboneseFUTTIES
81%
FIFA 20Pierre-Emerick Aubameyang96STArsenalGaboneseTOTS
81%
FIFA 22Pierre-Emerick Aubameyang95LWBarcelonaGaboneseShapeshifters
81%
FIFA 15Pierre-Emerick Aubameyang86STBourissa DortmundGaboneseTOTS
81%
FIFA 19Pierre-Emerick Aubameyang93STArsenalGaboneseEuropa MOTM
81%
FIFA 16Pierre-Emerick Aubameyang93STBourissa DortmundGaboneseTOTS
81%
FIFA 16Pierre-Emerick Aubameyang89STBourissa DortmundGaboneseFUTTIES
81%
FIFA 16Pierre-Emerick Aubameyang87STBourissa DortmundGaboneseMOTM
81%
FIFA 17Pierre-Emerick Aubameyang95STBourissa DortmundGaboneseTOTS
81%
FIFA 18Pierre-Emerick Aubameyang91STArsenalGaboneseOTW
81%
FIFA 19Pierre-Emerick Aubameyang96STArsenalGaboneseTOTS
81%
FIFA 17Pierre-Emerick Aubameyang90STBourissa DortmundGaboneseTOTGS
81%
FIFA 18Pierre-Emerick Aubameyang91LWArsenalGaboneseTOTW
81%
FIFA 22Moussa Dembélé86STLyonFrenchAdidas NumbersUp
79%
FIFA 22Neymar Júnior98CAMPSGBrazilianFUTTIES
79%
FIFA 21Neymar Júnior99LWPSGBrazilianSummer Stars
79%
FIFA 22Vinícius Júnior86LWReal MadridBrazilianUCL TOTGS
79%
FIFA 23Vinícius Júnior91LWReal MadridBrazilianTOTY Honourable Mentions
79%
FIFA 22Vinícius Júnior89LWReal MadridBrazilianHeadliners
79%
FIFA 22Vinícius Júnior96LWReal MadridBrazilianTOTS
79%
FIFA 20Vinícius Júnior95LWReal MadridBrazilianSummer Heat
79%
FIFA 21Vinícius Júnior97LWReal MadridBrazilianPath to Glory
79%
FIFA 22Vinícius Júnior87LWReal MadridBrazilianLa Liga POTM
79%
FIFA 21Achraf Hakimi94RMPSGMoroccanFUTTIES
75%
FIFA 22Achraf Hakimi93RBPSGMoroccanTOTY
75%
FIFA 23Achraf Hakimi94RBPSGMoroccanTOTY
75%
FIFA 20Achraf Hakimi91RWBBourissa DortmundMoroccanTOTS
75%
FIFA 19Eden Hazard98LWChelseaBelgianTOTS
74%
FIFA 22Erling Haaland98STManchester CityNorweiganPlayer Moments
71%
FIFA 22Marcus Rashford97CAMManchester UnitedEnglishShapeshifters
71%
FIFA 19Marcus Rashford91STManchester UnitedEnglishFUTTIES
71%
FIFA 21Marcus Rashford93LMManchester UnitedEnglishTOTS
71%
FIFA 22Marcus Rashford95LMManchester UnitedEnglishFantasy FUT
71%
FIFA 19Kingsley Coman91LMBayern MunichFrenchFUTTIES
70%
FIFA 20Kingsley Coman95LMBayern MunichFrenchUCL RTTF
70%
FIFA 22Kingsley Coman96LMBayern MunichFrenchFUTTIES
70%
FIFA 21Kingsley Coman96LMBayern MunichFrenchFUTTIES
70%
FIFA 19Leroy Sané90LWManchester CityGermanUCL TOTT
70%
FIFA 19Leroy Sané90CAMManchester CityGermanFUT Birthday
70%
FIFA 19Leroy Sané91LWManchester CityGermanHeadliners
70%
FIFA 21Leroy Sané96LMBayern MunichGermanFUTTIES
70%
FIFA 22Leroy Sané96CFBayern MunichGermanShapeshifters
70%
FIFA 20Leroy Sane91LWManchester CityGermanPlayer Moments
70%
FIFA 20Leroy Sané96LMBayern MunichGermanPremium SBC
70%
FIFA 19Raheem Sterling93LWManchester CityEnglishTOTW
70%
FIFA 21Raheem Sterling96LWManchester CityEnglishSummer Stars
70%
FIFA 19Raheem Sterling96RWManchester CityEnglishTOTS
70%
FIFA 19Raheem Sterling96RWManchester CityEnglishYPOTY
70%
FIFA 22Raheem Sterling97CFChelseaEnglishPlayer Moments
70%
FIFA 22Timo Werner96RFChelseaGermanShapeshifters
69%
FIFA 19Timo Werner95STRB LeipzigGermanTOTS
69%
FIFA 20Timo Werner95STChelseaGermanPremium SBC
69%
FIFA 20Timo Werner97STRB LeipzigGermanTOTS
69%
FIFA 21Alphonso Davies93LBBayern MunichCanadianTOTY
65%
FIFA 21Alphonso Davies91LBBayern MunichCanadianTOTS
65%
FIFA 21Alphonso Davies88LBBayern MunichCanadianUCL RTTF
65%
FIFA 21Alphonso Davies84LWBayern MunichCanadianTOTW
65%
FIFA 22Alphonso Davies93LBBayern MunichCanadianTOTS
65%
FIFA 20Alphonso Davies92LBBayern MunichCanadianTOTS
65%
FIFA 22Alphonso Davies96STBayern MunichCanadianShapeshifters
65%
FIFA 17Dries Mertens95STNapoliBelgianTOTS
65%
FIFA 20Theo Hernández93LBAC MilanFrenchTOTS
63%
FIFA 22Theo Hernández95LBAC MilanFrenchTOTS
63%
FIFA 21Theo Hernández92LBAC MilanFrenchTOTS
63%
FIFA 22Lorenzo Insigne89LWNapoliItalianAdidas NumbersUp
61%
FIFA 17Lorenzo Insigne94LWNapoliItalianTOTS
61%
FIFA 19Sergio Busquets90CDMBarcelonaSpanishUltimate Scream
57%
FIFA 22Rafael Leão97LWAC MilanPortugueseTOTS
56%
FIFA 18Hirving Lozano92STPSVMexicanFUTTIES
53%
FIFA 19Hirving Lozano92RWPSVMexicanFUTTIES
53%
FIFA 21Hirving Lozano92RMNapoliMexicanTOTS
53%
FIFA 21Hirving Lozano88RWNapoliMexicanHeadliners
53%
FIFA 17Hirving Lozano88LWC.F. PachucaMexicanTOTS
53%
FIFA 22Hirving Lozano94STNapoliMexicanShapeshifters
53%
FIFA 18Hirving Lozano91LMPSVMexicanTOTMD
53%
FIFA 22Ivan Perišić98LMTottenham HotspurCroatianShowdown
53%
FIFA 21Juan Cuadrado95RBJuventusColombianFUTTIES
53%
FIFA 22Juan Cuadrado93RBJuventusColombianTOTS
53%
FIFA 22Rodrygo94RWReal MadridBrazilianShowdown
53%
FIFA 22Allan Saint-Maximin95STNewcastle UnitedFrenchFantasy FUT
51%
FIFA 22Allan Saint-Maximin97LMNewcastle UnitedFrenchFUTTIES
51%
FIFA 20Allan Saint-Maximin91STNewcastle UnitedFrenchSummer Heat
51%
FIFA 19Douglas Costa90CAMJuventusBrazilianFUT Birthday
51%
FIFA 20Douglas Costa93CAMJuventusBrazilianSeason Reward
51%
FIFA 18Douglas Costa93RWJuventusBrazilianTOTS
51%
FIFA 22Julian Álvarez98STManchester CityArgentinianShowdown
51%
FIFA 22Julian Álvarez94STRiver PlateArgentinianLibertadores TOTGS
51%
FIFA 21Leon Bailey90RWBayer LeverkusenJamaicanTOTS
51%
FIFA 18Leon Bailey93LMBayer LeverkusenJamaicanTOTS
51%
FIFA 20Adama Traoré89RWWolverhampton WanderersSpanishTOTS
50%
FIFA 21Adama Traoré95RWWolverhampton WanderersSpanishFUTTIES
50%
FIFA 20Adama Traoré85RWWolverhampton WanderersSpanishHeadliners
50%
FIFA 22Adama Traoré95CFBarcelonaSpanishShapeshifters
50%
FIFA 20Christian Pulisic94LWChelseaAmericanSummer Heat
50%
FIFA 22Wissam Ben Yedder97LWAS MonacoFrenchFUTTIES
49%
FIFA 22Wissam Ben Yedder98STAS MonacoFrenchFUTTIES
49%
FIFA 19Diego Costa86STAtlético MadridSpanishUltimate Scream
48%
FIFA 22Kyle Walker95CBManchester CityEnglishShapeshifters
48%
FIFA 22Luis Díaz95LMLiverpoolColombianFUTTIES
48%
FIFA 20Victor Osimhen93STLOSC LilleNigerianTOTS
48%
FIFA 22Felipe Anderson94RWLazioBrazilianShapeshifters
47%
FIFA 22Moussa Diaby92RMBayer LeverkusenFrenchTOTS
47%
FIFA 22Moussa Diaby87RMBayer LeverkusenFrenchTOTW
47%
FIFA 20Moussa Diaby95LMBayern MunichFrenchSummer Heat
47%
FIFA 22Richarlison97STTottenham HotspurBrazilianPlayer Moments
47%
FIFA 19Alejandro Gómez95CAMAtalantaArgentinianTOTS
46%
FIFA 17Alejandro Gómez92STAtalantaArgentinianTOTS
46%
FIFA 20Iñaki Williams93STAthletic BilbaoSpanishSummer Heat
46%
FIFA 19Iñaki Williams91STAthletic BilbaoSpanishTOTS Moments
46%
FIFA 22Iñaki Williams90STAthletic BilbaoSpanishFantasy FUT
46%
FIFA 21Memphis Depay98CFBarcelonaDutchFUTTIES
46%
FIFA 22Ángel Di María91RWPSGArgentinianAdidas NumbersUp
45%
FIFA 21Anthony Martial95STManchester UnitedFrenchFUTTIES
44%
FIFA 22Federico Chiesa95RWJuventusItalianFUTTIES
43%
FIFA 22Ferran Torres96RWBarcelonaSpanishFUTTIES
43%
FIFA 22Nuno Mendes93LBPSGPortugueseTOTS
43%
FIFA 22Rafa Silva92RMSL BenficaPortugueseTOTS
43%
FIFA 20Rafa Silva93LMBenficaPortugueseTOTS
43%
FIFA 21Antony90RWAjaxBrazilianTOTS
42%
FIFA 22Antony95RWAjaxBrazilianFUTTIES
42%
FIFA 20Daniel James91RMManchester UnitedWelshSummer Heat
42%
FIFA 21Daniel James94RMManchester UnitedWelshFUTTIES
42%
FIFA 22Diogo Jota88LWLiverpoolPortugueseAdidas NumbersUp
42%
FIFA 22Gabriel Martinelli93LMArsenalBrazilianFantasy FUT
42%
FIFA 19Maroune Fellaini80CDMManchester UnitedBelgianUltimate Scream
42%
FIFA 23Theo Walcott87RWSouthamptonEnglishFlashback
42%
FIFA 22Yannick Carrasco95RWAtlético MadridBelgianShapeshifters
42%
FIFA 21James Tavernier93RBRangersEnglishFUTTIES
41%
FIFA 22James Tavernier94RBRangersEnglishTOTS
41%
FIFA 20Nélson Semedo93RBBarcelonaPortugueseSummer Heat
41%
FIFA 21Hector Bellerin95RBArsenalSpanishFUTTIES
40%
FIFA 21Josef Martinez94STAtlanta UnitedVenezuelanPath to Glory
40%
FIFA 20Josef Martínez94STAtlanta UnitedVenezuelanTOTS
40%
FIFA 22Lucas Moura93RMTottenham HotspurBrazilianFantasy FUT
40%
FIFA 22Giovanni Reyna87CAMBourissa DortmundAmericanAdidas NumbersUp
39%
FIFA 22João Félix90CFAtlético MadridPortugueseAdidas NumbersUp
39%
FIFA 21Wilfried Zaha95LMCrystal PalaceIvorianFUTTIES
39%
FIFA 22Ansu Fati89LWBarcelonaSpanishUEL RTTF
38%
FIFA 22Ansu Fati92LWBarcelonaSpanishTOTS Moments
38%
FIFA 21Ansu Fati96STBarcelonaSpanishFUTTIES
38%
FIFA 23Saeed Al-Owairan88CAMSaudi Pro LeagueSaudi ArabianWC Hero
38%
FIFA 22Ole Gunnar Solskjær97LWPremier LeagueNorweiganShapeshifters Hero
37%
FIFA 20Ryan Kent93LWRangersEnglishSummer Heat
37%
FIFA 20Ryan Kent87LWRangersEnglishUEL RTTF
37%
FIFA 22Jeremie Frimpong91RBBayer LeverkusenDutchTOTS
36%
FIFA 23Ahmed Musa86STSivassporNigerianWinter Wildcards
35%
FIFA 19Ahmed Musa92STAl NassrNigerianFUTTIES
35%
FIFA 22Kevin Mbabu93RBVFL WolfsburgSwissFUTTIES
34%
FIFA 20Kevin Mbabu92RBVFL WolfsburgSwissSummer Heat
34%
FIFA 19Koke86LMAtlético MadridSpanishUltimate Scream
33%
FIFA 20Mislav Oršić95LMDinamo ZagrebCroatianTOTS
33%
FIFA 21Mislav Oršić90LMDinamo ZagrebCroatianTOTS
33%
FIFA 22Sergio Reguilón86LBTottenham HotspurSpanishAdidas NumbersUp
32%
FIFA 21Ismaïla Sarr90RWWatfordSenegaleseTOTS
31%
FIFA 22Youcef Atal95CMOGC NiceAlgerianShapeshifters
31%
FIFA 21Youcef Atal94CMOGC NiceAlgerianFUTTIES
31%
FIFA 19Bastian Schweinsteiger81CMChicago FireGermanUltimate Scream
30%
FIFA 21Gelson Martins95STAS MonacoPortugueseFUTTIES
30%
FIFA 22Gelson Martins92RMAS MonacoPortugueseFantasy FUT
30%
FIFA 22Gelson Martins96RMAS MonacoPortugueseFUTTIES
30%
FIFA 19Mario Balotelli84STOGC NiceItalianUltimate Scream
30%
FIFA 20Takefusa Kubo94RMRCD MallorcaJapaneseSummer Heat
30%
FIFA 22Ferland Mendy96CMReal MadridFrenchFUTTIES
29%
FIFA 18Romain Alessandrini92RMLA GalaxyFrenchFUTTIES
29%
FIFA 21Romain Alessandrini94RMQingdao HuanghaiFrenchFUTTIES
29%
FIFA 19Ethan Ampadu75CBChelseaWelshUltimate Scream
28%
FIFA 19Troy Deeney78STWatfordEnglishUltimate Scream
28%
FIFA 21Silas Katompa Mvumpa91RMVFB StuttgartCongoleseTOTS
27%
FIFA 21Krépin Diatta96RMAS MonacoSenegaleseFUTTIES
25%
FIFA 21Krépin Diatta87RMAS MonacoSenegaleseWhat If
25%
FIFA 22Steven Bergwijn86LMTottenham HotspurDutchAdidas NumbersUp
25%
FIFA 19Bas Dost84STSporting CPDutchUltimate Scream
24%
FIFA 21Jonathan Bamba92LMLOSC LilleFrenchTOTS
24%
FIFA 20Keita Baldé Diao94RMAS MonacoSenegaleseSummer Heat
24%
FIFA 22Keita Baldé Diao88STCagliariSenegaleseFantasy FUT
24%
FIFA 17Keita Baldé Diao90LWLazioSenegaleseTOTS
24%
FIFA 22Junya Ito92RWKRC GenkJapaneseTOTS
21%
FIFA 22Lois Openda82STVitesseBelgianEredivise POTM
21%
FIFA 22David Raum90LBTSG HoffenheimGermanTOTS
20%
FIFA 19Javier Mascherano80CDMHebei China FortuneArgentinianUltimate Scream
20%
FIFA 22Leonardo Spinazzola95CDMAS RomaItalianShapeshifters
20%
FIFA 19Salomon Kalou80LMHertha BerlinIvorianUltimate Scream
20%
FIFA 21Samu Castillejo97RMAC MilanSpanishShowdown
20%
FIFA 21Bruno Peres96RBTrabzonsporBrazilianFUTTIES
19%
FIFA 22Jeremiah St.Juste93RW1.FSV MainzDutchShapeshifters
19%
FIFA 22Luis Sinisterra89LWFeyenoordColombianTOTS
19%
FIFA 21Patson Daka88STRB SalzburgZambianTOTS
19%
FIFA 22Craig Goodwin93LMAdelaide UnitedAustralianTOTS
17%
FIFA 22Jérôme Roussillon88LBVFL WolfsburgFrenchFantasy FUT
17%
FIFA 22Jordan Amavi95LBMarseilleFrenchFUTTIES
17%
FIFA 21Donyell Malen90STPSVDutchTOTS
16%
FIFA 21Georges-Kévin N'Koudou90LMBeşiktaş J.K.FrenchSeason Reward
11%
FIFA 20Jonathan Biabiany87RWTrapaniFrenchFlashback
11%
FIFA 20Jonathan Rodríguez90STCruz AzulUruguayanTOTS
11%
FIFA 20Oussama Idrissi94LWAZ AlkmaarMoroccanTOTS
11%
FIFA 17José Izquierdo87LWClub Brugge KVColombianTOTS
8%
FIFA 21Frank Acheampong90STShenzhen KaisaGhanaianSeason Reward
6%
FIFA 19Omar Abdulrahman77CAMAl HilalEmiratiUltimate Scream
6%
FIFA 19Tyrone Mings75LBBournemouthEnglishUltimate Scream
5%
FIFA 22Grady Diangana91LWWest Bromwich AlbionEnglishSeason Reward
4%
FIFA 22Faiz Selemani90LMKV KortrijkComorianTOTS
3%
FIFA 22Khaled Narey88RMFortuna DüsseldorfGermanTOTS
3%
FIFA 22Anderson Plata90RMDeportes TolimaColombianLibertadores TOTGS
2%
FIFA 20Freddy Hinestroza87LMJunior FCColombianLibertadores KO Team
2%

Score Distribution

Percentile by Number Answered

Percent of People with Each Score

Your Score History

You have not taken this quiz